[Event "Mittelrhein Regionalliga 1920"]
[Site "Mittelrhein"]
[Date "2019.11.17"]
[Round "3.4"]
[White "Brochhagen, Thomas"]
[Black "Schwark, Mario"]
[Result "1-0"]
[WhiteElo "1944"]
[BlackElo "1851"]
[PlyCount "67"]
[EventDate "2019.09.29"]
[EventType "team-tourn"]
[EventRounds "9"]
[EventCountry "GER"]
[SourceTitle "EXT 2023"]
[Source "ChessBase"]
[SourceDate "2022.10.05"]
[SourceVersion "1"]
[SourceVersionDate "2022.10.05"]
[SourceQuality "1"]
[WhiteTeam "Langenfeld II"]
[BlackTeam "Kalker/Deutzer SG"]
[WhiteTeamCountry "GER"]
[BlackTeamCountry "GER"]

1. e4 e5 2. Nf3 Nc6 3. Nc3 Nf6 4. d4 exd4 5. Nxd4 Be7 6. Be3 0-0 7. Be2 a6 8. a4 Bb4 9. Nxc6 Bxc3+ 10. bxc3 dxc6 11. Qxd8 Rxd8 12. f3 h6 13. a5 Be6 14. Rb1 Rdb8 15. Kf2 Ne8 16. Bf4 b5 17. axb6 Rxb6 18. Be3 Rxb1 19. Rxb1 a5 20. Bc5 a4 21. Ba3 Nd6 22. e5 Nc8 23. Rb7 Ra7 24. Rxa7 Nxa7 25. c4 Bf5 26. Bd3 Bxd3 27. cxd3 g5 28. Ke3 Nc8 29. Kd4 Nb6 30. Kc5 Nd7+ 31. Kxc6 Nxe5+ 32. Kxc7 Nxd3 33. Kb7 Ne1 34. c5 1-0

[Event "Mittelrhein Verbandsliga-N 17/18"]
[Site "Nordrheinwestfalen"]
[Date "2018.05.06"]
[Round "11.6"]
[White "Schwark, Mario"]
[Black "Hanke, Friedhelm"]
[Result "1-0"]
[WhiteElo "1858"]
[BlackElo "1722"]
[PlyCount "47"]
[EventDate "2017.09.10"]
[EventType "team-swiss"]
[EventRounds "11"]
[EventCountry "GER"]
[SourceTitle "EXT 2022"]
[Source "ChessBase"]
[SourceDate "2021.10.06"]
[SourceVersion "1"]
[SourceVersionDate "2021.10.06"]
[SourceQuality "1"]
[WhiteTeam "Kalker/Deutzer SG"]
[BlackTeam "Hitdorf SV Springer"]
[WhiteTeamCountry "GER"]
[BlackTeamCountry "GER"]

1. d4 f5 2. Nc3 Nf6 3. h3 e6 4. g4 Bb4 5. Bg2 Ne4 6. Qd3 d5 7. Bf4 Bd6 8. Be5 Bxe5 9. dxe5 c6 10. gxf5 exf5 11. Nxe4 fxe4 12. Qg3 0-0 13. 0-0-0 Qa5 14. Kb1 Be6 15. a3 Nd7 16. e3 Qc7 17. f4 b5 18. Ne2 c5 19. Rhg1 Nb6 20. h4 b4 21. axb4 Nc4 22. Bh3 Bxh3 23. Qxh3 Qb6 24. Qd7 1-0

[Event "Mittelrhein Verbandsliga-N 17/18"]
[Site "Nordrheinwestfalen"]
[Date "2018.04.15"]
[Round "10.7"]
[White "Schwark, Mario"]
[Black "Weiland, Herbert"]
[Result "1-0"]
[WhiteElo "1858"]
[BlackElo "1672"]
[PlyCount "77"]
[EventDate "2017.09.10"]
[EventType "team-swiss"]
[EventRounds "11"]
[EventCountry "GER"]
[SourceTitle "EXT 2022"]
[Source "ChessBase"]
[SourceDate "2021.10.06"]
[SourceVersion "1"]
[SourceVersionDate "2021.10.06"]
[SourceQuality "1"]
[WhiteTeam "Kalker/Deutzer SG"]
[BlackTeam "Rheinpark BSG"]
[WhiteTeamCountry "GER"]
[BlackTeamCountry "GER"]

1. d4 d5 2. Nf3 Nf6 3. c4 e6 4. Bg5 Be7 5. e3 h6 6. Bh4 0-0 7. Nc3 b6 8. Bxf6 Bxf6 9. cxd5 exd5 10. Bd3 Bb7 11. Rc1 Nd7 12. 0-0 c5 13. Qa4 a6 14. Bb1 Rc8 15. Ne2 Qe7 16. Ng3 g6 17. h4 Rfd8 18. h5 Nf8 19. hxg6 fxg6 20. Rfe1 b5 21. Qa5 cxd4 22. Rxc8 Rxc8 23. exd4 Qc7 24. Qd2 Qg7 25. a4 bxa4 26. Ba2 h5 27. Ne4 Rd8 28. Qb4 Rd7 29. Qb6 Bd8 30. Qb4 Be7 31. Qxa4 Kh8 32. Nc3 Bf6 33. Re8 Re7 34. Bxd5 Bxd5 35. Nxd5 Rb7 36. Qa3 Rf7 37. Qe3 Kh7 38. Nxf6+ Rxf6 39. Re7 1-0

[Event "Mittelrhein Verbandsliga-N 17/18"]
[Site "Nordrheinwestfalen"]
[Date "2018.02.25"]
[Round "8.6"]
[White "Harringer, Manfred"]
[Black "Schwark, Mario"]
[Result "1-0"]
[WhiteElo "1970"]
[BlackElo "1813"]
[PlyCount "61"]
[EventDate "2017.09.10"]
[EventType "team-swiss"]
[EventRounds "11"]
[EventCountry "GER"]
[SourceTitle "EXT 2022"]
[Source "ChessBase"]
[SourceDate "2021.10.06"]
[SourceVersion "1"]
[SourceVersionDate "2021.10.06"]
[SourceQuality "1"]
[WhiteTeam "Bergische SF"]
[BlackTeam "Kalker/Deutzer SG"]
[WhiteTeamCountry "GER"]
[BlackTeamCountry "GER"]

1. e4 e5 2. Nf3 Nc6 3. Bb5 a6 4. Ba4 Nf6 5. 0-0 Be7 6. Re1 b5 7. Bb3 0-0 8. c3 d5 9. d4 Nxe4 10. dxe5 Be6 11. Nbd2 Na5 12. Bc2 Nxd2 13. Qxd2 Nc4 14. Qd3 g6 15. Nd4 c5 16. Nc6 Qc7 17. Nxe7+ Qxe7 18. Qg3 f5 19. exf6 Qxf6 20. Bg5 Qf7 21. b3 Na3 22. Bd1 Rfe8 23. Rc1 Bf5 24. Bf3 Nc2 25. Red1 d4 26. Bxa8 Rxa8 27. Qf3 Re8 28. g4 Be4 29. Qxf7+ Kxf7 30. f3 Bxf3 31. Rf1 1-0

[Event "Mittelrhein Verbandsliga-O 16/17"]
[Site "Nordrheinwestfalen"]
[Date "2017.02.19"]
[Round "8.5"]
[White "Schwark, Mario"]
[Black "Weber, Meikel"]
[Result "0-1"]
[WhiteElo "1829"]
[BlackElo "1973"]
[PlyCount "82"]
[EventDate "2016.09.11"]
[EventType "team-tourn"]
[EventRounds "11"]
[EventCountry "GER"]
[SourceTitle "EXT 2022"]
[Source "ChessBase"]
[SourceDate "2021.10.06"]
[SourceVersion "1"]
[SourceVersionDate "2021.10.06"]
[SourceQuality "1"]
[WhiteTeam "Kalker/Deutzer SG"]
[BlackTeam "Bonn Stadtverwaltung"]
[WhiteTeamCountry "GER"]
[BlackTeamCountry "GER"]

1. d4 d5 2. Nf3 c6 3. g3 Nf6 4. Bg2 Bf5 5. c4 e6 6. Qb3 Qb6 7. Nc3 h6 8. 0-0 Be7 9. Bf4 0-0 10. c5 Qxb3 11. axb3 Nbd7 12. b4 a6 13. Ra3 g5 14. Be5 Ne8 15. g4 Bxg4 16. Rfa1 Bxf3 17. Bxf3 Nxe5 18. dxe5 Nc7 19. Na4 f6 20. exf6 Bxf6 21. Bg4 Bd4 22. e3 Bg7 23. Rd3 Kh7 24. Rd2 Kg6 25. Nb6 Rad8 26. Rad1 h5 27. Be2 Rf7 28. e4 Rdf8 29. exd5 exd5 30. Bd3+ Kh6 31. Bf1 Rf4 32. Re1 Re8 33. Rxe8 Nxe8 34. Re2 Re4 35. Rxe4 dxe4 36. Nc8 Kg6 37. Bxa6 bxa6 38. Ne7+ Kf7 39. Nxc6 Bxb2 40. Kf1 Ke6 41. Ke2 Kd5 0-1

[Event "Mittelrhein Verbandsliga-O 16/17"]
[Site "Nordrheinwestfalen"]
[Date "2016.12.18"]
[Round "5"]
[White "Kuhn, Andreas"]
[Black "Schwark, Mario"]
[Result "1/2-1/2"]
[WhiteElo "1877"]
[BlackElo "1838"]
[PlyCount "86"]
[EventDate "2016.09.11"]
[EventType "team-tourn"]
[EventRounds "11"]
[EventCountry "GER"]
[SourceTitle "EXT 2022"]
[Source "ChessBase"]
[SourceDate "2021.10.06"]
[SourceVersion "1"]
[SourceVersionDate "2021.10.06"]
[SourceQuality "1"]
[WhiteTeam "Niederkassel II"]
[BlackTeam "Kalker/Deutzer SG"]
[WhiteTeamCountry "GER"]
[BlackTeamCountry "GER"]

1. Nf3 Nf6 2. c4 c5 3. g3 Nc6 4. Bg2 e6 5. 0-0 d5 6. cxd5 exd5 7. d4 cxd4 8. Nxd4 Bc5 9. Nxc6 bxc6 10. Qc2 Qb6 11. Nc3 Be7 12. Be3 Qa6 13. Na4 0-0 14. Rac1 Bg4 15. Rfe1 Rac8 16. a3 Rfe8 17. Bc5 Bd8 18. e3 g6 19. Bd4 Bf5 20. Nc5 Qa5 21. Qc3 Ne4 22. Nxe4 Bxe4 23. b4 Qc7 24. Bh8 f5 25. f3 Bd3 26. Bd4 Bb5 27. e4 fxe4 28. fxe4 Bg5 29. Rc2 dxe4 30. Bxe4 Qd7 31. Qb3+ Qf7 32. Qc3 Rcd8 33. Rf2 Qd7 34. Qb3+ Qe6 35. Bc2 Qc4 36. Qxc4+ Bxc4 37. Rxe8+ Rxe8 38. Bxa7 Re1+ 39. Kg2 Bd5+ 40. Kh3 Be6+ 41. Kg2 Bd5+ 42. Kh3 Be6+ 43. Kg2 Bd5+ 1/2-1/2

[Event "Mittelrhein Verbandsliga-O 16/17"]
[Site "Nordrheinwestfalen"]
[Date "2016.10.02"]
[Round "2"]
[White "Loeffler, Friedrich"]
[Black "Schwark, Mario"]
[Result "1-0"]
[WhiteElo "1947"]
[BlackElo "1864"]
[PlyCount "105"]
[EventDate "2016.09.11"]
[EventType "team-tourn"]
[EventRounds "11"]
[EventCountry "GER"]
[SourceTitle "EXT 2022"]
[Source "ChessBase"]
[SourceDate "2021.10.06"]
[SourceVersion "1"]
[SourceVersionDate "2021.10.06"]
[SourceQuality "1"]
[WhiteTeam "Bruehl II"]
[BlackTeam "Kalker/Deutzer SG"]
[WhiteTeamCountry "GER"]
[BlackTeamCountry "GER"]

1. d4 Nf6 2. c4 c6 3. Nc3 d5 4. Nf3 Bf5 5. Bf4 e6 6. e3 Bb4 7. a3 Bxc3+ 8. bxc3 Ne4 9. Qb3 Qb6 10. Qb4 Nd7 11. Bd3 Qxb4 12. cxb4 dxc4 13. Bxc4 Nb6 14. Bb3 0-0 15. Nh4 Nd5 16. Bxd5 cxd5 17. Nxf5 exf5 18. f3 Nf6 19. Rc1 Rfc8 20. Kd2 Rc4 21. Rc3 Rac8 22. Rhc1 b5 23. Bd6 R8c6 24. Bc5 a6 25. a4 Ne8 26. axb5 axb5 27. Ra1 f6 28. Ra7 Rxc3 29. Kxc3 Rc7 30. Ra8 Kf7 31. Rb8 Nd6 32. Kb3 Nb7 33. Kc3 g5 34. Kd3 Rd7 35. Rf8+ Kg7 36. Rc8 Nd8 37. Rb8 Nb7 38. Ra8 h5 39. Ra6 f4 40. e4 dxe4+ 41. Kxe4 Nd8 42. Rb6 Nf7 43. Rxb5 Nh6 44. Ra5 Rb7 45. Ra7 Rxa7 46. Bxa7 Nf7 47. Bc5 Kg6 48. b5 f5+ 49. Kd5 g4 50. Be7 Ng5 51. Bxg5 Kxg5 52. b6 h4 53. h3 1-0

[Event "Mittelrhein Verbandsliga-M 15/16"]
[Site "Nordrheinwestfalen"]
[Date "2015.09.06"]
[Round "1.8"]
[White "Kemmler, Michael"]
[Black "Schwark, Mario"]
[Result "0-1"]
[WhiteElo "1810"]
[BlackElo "1788"]
[PlyCount "56"]
[EventDate "2015.09.06"]
[EventType "team-tourn"]
[EventRounds "11"]
[EventCountry "GER"]
[SourceTitle "EXT 2022"]
[Source "ChessBase"]
[SourceDate "2021.10.06"]
[SourceVersion "1"]
[SourceVersionDate "2021.10.06"]
[SourceQuality "1"]
[WhiteTeam "Leverkusen SC Bayer"]
[BlackTeam "Kalker/Deutzer SG"]
[WhiteTeamCountry "GER"]
[BlackTeamCountry "GER"]

1. d4 Nf6 2. c4 g6 3. Nc3 Bg7 4. e4 d6 5. Nf3 0-0 6. Be2 e5 7. 0-0 Nc6 8. d5 Ne7 9. Ne1 Ne8 10. Be3 f5 11. f3 f4 12. Bf2 g5 13. Nd3 Ng6 14. c5 Rf7 15. b4 Bf8 16. Rc1 h5 17. h3 Rg7 18. Nb5 a6 19. Na3 g4 20. fxg4 hxg4 21. Bxg4 Nh4 22. Bxh4 Qxh4 23. Nf2 Nf6 24. Bxc8 Rxc8 25. Rc3 dxc5 26. bxc5 Bxc5 27. Rxc5 Qg3 28. Qf3 Qxf3 0-1

[Event "Cologne Longerich op-A 11th"]
[Site "Cologne"]
[Date "2014.08.01"]
[Round "1"]
[White "Schwark, Mario"]
[Black "Van der Valk, Niklas"]
[Result "1/2-1/2"]
[WhiteElo "1933"]
[BlackElo "2087"]
[PlyCount "136"]
[EventDate "2014.08.01"]
[EventType "swiss"]
[EventRounds "5"]
[EventCountry "GER"]
[SourceTitle "EXT 2022"]
[Source "ChessBase"]
[SourceDate "2021.10.06"]
[SourceVersion "1"]
[SourceVersionDate "2021.10.06"]
[SourceQuality "1"]

1. d4 d5 2. Nf3 Nf6 3. c4 c6 4. Nc3 a6 5. cxd5 cxd5 6. Bf4 Nc6 7. Qb3 Na5 8. Qc2 e6 9. e3 Bd6 10. Bxd6 Qxd6 11. Qa4+ Nc6 12. Ne5 0-0 13. Nxc6 Bd7 14. Qb4 Qxc6 15. Bd3 Rfc8 16. 0-0 Ne8 17. e4 dxe4 18. Bxe4 Qd6 19. Qb3 Nf6 20. Bf3 Bc6 21. Bxc6 Qxc6 22. Rfd1 Rd8 23. Na4 b5 24. Nc5 a5 25. Rac1 Rac8 26. Qe3 Qd5 27. f3 Qxa2 28. b3 Qa3 29. Ra1 Qb4 30. Nb7 Rd7 31. Nxa5 h6 32. Qd2 Qxd2 33. Rxd2 Ra7 34. b4 Nd5 35. Rb1 Nxb4 36. Rxb4 Rxa5 37. Rdb2 Rb8 38. Kf2 Kf8 39. Ke3 Ke7 40. h4 g6 41. g4 f6 42. Ke4 Kd6 43. f4 f5+ 44. Kf3 Kd5 45. R2b3 Rb6 46. g5 h5 47. Ke3 Rb7 48. Kf3 Ra1 49. Ke3 Re1+ 50. Kd3 Rd1+ 51. Ke3 Kc6 52. Rc3+ Kb6 53. Rc5 Ka5 54. Rb2 Rh1 55. Rc6 Re7 56. Rc3 Rxh4 57. Ra3+ Kb6 58. Ra8 Rh3+ 59. Kd2 Rh2+ 60. Kc3 Rxb2 61. Kxb2 Ra7 62. Rg8 h4 63. Rxg6 h3 64. Rxe6+ Kc7 65. Re1 h2 66. Rh1 Kd6 67. g6 Rg7 68. Rxh2 Rxg6 1/2-1/2

[Event "Cologne Longerich op-A 10th"]
[Site "Cologne"]
[Date "2013.07.20"]
[Round "3"]
[White "Schwark, Mario"]
[Black "Suess, Stefan"]
[Result "1-0"]
[WhiteElo "1944"]
[BlackElo "1822"]
[PlyCount "73"]
[EventDate "2013.07.19"]
[EventType "tourn"]
[EventRounds "5"]
[EventCountry "GER"]
[SourceTitle "EXT 2017"]
[Source "ChessBase"]
[SourceDate "2016.10.25"]
[SourceVersion "1"]
[SourceVersionDate "2016.10.25"]
[SourceQuality "1"]

1. d4 Nf6 2. Nf3 g6 3. c4 Bg7 4. Nc3 d6 5. e4 0-0 6. Be2 Bg4 7. Be3 Nfd7 8. Ng5 Bxe2 9. Qxe2 Nc6 10. 0-0-0 e5 11. dxe5 Bxe5 12. f4 Bxc3 13. bxc3 h6 14. Nf3 Qe7 15. Qd3 Nf6 16. Nd2 Rae8 17. Rhe1 Ng4 18. Bg1 Qh4 19. Nf3 Qf6 20. g3 h5 21. h3 Nh6 22. Nd4 Nxd4 23. Bxd4 Qe6 24. g4 hxg4 25. hxg4 Nxg4 26. Rh1 Nf6 27. f5 Qe7 28. Rdg1 Kg7 29. fxg6 fxg6 30. e5 Qf7 31. exf6+ Qxf6 32. Bxf6+ Rxf6 33. Qh3 Rg8 34. Qd7+ Rf7 35. Rh7+ Kxh7 36. Qxf7+ Rg7 37. Rh1# 1-0

[Event "Cologne Longerich op 09th"]
[Site "Cologne"]
[Date "2012.08.05"]
[Round "5"]
[White "Schwark, Mario"]
[Black "Reinartz, Ulrich"]
[Result "1/2-1/2"]
[WhiteElo "1746"]
[BlackElo "1667"]
[PlyCount "123"]
[EventDate "2012.08.03"]
[EventType "tourn"]
[EventRounds "5"]
[EventCountry "GER"]
[SourceTitle "EXT 2017"]
[Source "ChessBase"]
[SourceDate "2016.10.25"]
[SourceVersion "1"]
[SourceVersionDate "2016.10.25"]
[SourceQuality "1"]

1. d4 Nf6 2. Nf3 d5 3. g3 Bf5 4. Bg2 e6 5. 0-0 h6 6. c4 Be7 7. Qb3 Qc8 8. Nc3 c6 9. Re1 0-0 10. Nh4 Bh7 11. e4 Nxe4 12. Nxe4 dxe4 13. Bxe4 Bxh4 14. gxh4 Nd7 15. Qg3 Kh8 16. Bg2 Nf6 17. b3 Qd7 18. Bb2 Rad8 19. Rad1 Rfe8 20. d5 exd5 21. Bxf6 Rxe1+ 22. Rxe1 gxf6 23. cxd5 cxd5 24. Qf4 Kg7 25. Re3 Qf5 26. Rg3+ Kh8 27. Qxh6 Rg8 28. Qd2 Qb1+ 29. Bf1 Rxg3+ 30. fxg3 Be4 31. Qh6+ Kg8 32. Qxf6 Qxa2 33. h5 Qd2 34. Qf2 Qxf2+ 35. Kxf2 a5 36. Bb5 Bc2 37. Ba4 b5 38. Bxb5 Bxb3 39. Ke3 a4 40. Kd2 a3 41. Kc1 Kg7 42. Bd3 Kh6 43. g4 f6 44. Kb1 d4 45. h3 Kg5 46. Ka1 Bd5 47. Kb1 Bg8 48. Ka1 Bd5 49. Kb1 Be6 50. Ka1 Kh6 51. Be2 Bd5 52. Bd3 Bg2 53. Ka2 Bxh3 54. Be2 d3 55. Bxd3 Bxg4 56. Kxa3 Bxh5 57. Kb4 Kg5 58. Kc3 Kf4 59. Kd2 Bf3 60. Ke1 Ke3 61. Bf5 Be4 62. Be6 1/2-1/2

[Event "Cologne Longerich op 09th"]
[Site "Cologne"]
[Date "2012.08.04"]
[Round "2"]
[White "Plitt, Stefan"]
[Black "Schwark, Mario"]
[Result "0-1"]
[WhiteElo "1652"]
[BlackElo "1746"]
[PlyCount "52"]
[EventDate "2012.08.03"]
[EventType "tourn"]
[EventRounds "5"]
[EventCountry "GER"]
[SourceTitle "EXT 2017"]
[Source "ChessBase"]
[SourceDate "2016.10.25"]
[SourceVersion "1"]
[SourceVersionDate "2016.10.25"]
[SourceQuality "1"]

1. Nf3 d5 2. c4 dxc4 3. e4 b5 4. a4 c6 5. axb5 cxb5 6. b3 Bb7 7. bxc4 Nf6 8. d3 bxc4 9. Qa4+ Qd7 10. Qxc4 Nc6 11. Be3 e6 12. Nbd2 a5 13. Bc5 Be7 14. Bxe7 Qxe7 15. Be2 0-0 16. 0-0 Nb4 17. Ne5 Rfc8 18. Qb3 Rc2 19. Nec4 Nd7 20. Bd1 Nc5 21. Qb1 Rxd2 22. Nxd2 Ncxd3 23. Be2 Nf4 24. Bf3 Qg5 25. Qd1 Ba6 26. Re1 Nh3+ 0-1

[Event "Cologne Longerich op 09th"]
[Site "Cologne"]
[Date "2012.08.03"]
[Round "1"]
[White "Schwark, Mario"]
[Black "Schroeter, Ron"]
[Result "1-0"]
[WhiteElo "1746"]
[BlackElo "1469"]
[PlyCount "75"]
[EventDate "2012.08.03"]
[EventType "tourn"]
[EventRounds "5"]
[EventCountry "GER"]
[SourceTitle "EXT 2017"]
[Source "ChessBase"]
[SourceDate "2016.10.25"]
[SourceVersion "1"]
[SourceVersionDate "2016.10.25"]
[SourceQuality "1"]

1. d4 d5 2. Nf3 e6 3. c4 Nf6 4. Bg5 Be7 5. Nc3 a6 6. c5 0-0 7. e3 c6 8. Bd3 Ne4 9. Bxe7 Nxc3 10. bxc3 Qxe7 11. Rb1 f6 12. Qc2 g6 13. Nh4 g5 14. Nf3 g4 15. Nh4 f5 16. g3 Nd7 17. h3 Nf6 18. hxg4 Nxg4 19. f3 Nxe3 20. Qh2 Rf6 21. Kf2 e5 22. Rbe1 Ng4+ 23. fxg4 fxg4+ 24. Kg1 e4 25. Be2 e3 26. Ng2 Bf5 27. Qh4 Qg7 28. Nf4 Be4 29. Rh2 Raf8 30. Nh5 Qf7 31. Qxf6 Qxf6 32. Nxf6+ Rxf6 33. Bxg4 Rg6 34. Bh5 Rxg3+ 35. Kf1 Bd3+ 36. Be2 Rf3+ 37. Kg1 Rg3+ 38. Rg2 1-0

[Event "Bad Godesberg op 16th"]
[Site "Bad Godesberg"]
[Date "2012.07.09"]
[Round "3"]
[White "Lazarov, Alexander"]
[Black "Schwark, Mario"]
[Result "0-1"]
[WhiteElo "2224"]
[BlackElo "1980"]
[PlyCount "94"]
[EventDate "2012.07.07"]
[EventType "swiss"]
[EventRounds "9"]
[EventCountry "GER"]
[SourceTitle "CBM 149 Extra"]
[Source "ChessBase"]
[SourceDate "2012.08.24"]
[SourceVersion "1"]
[SourceVersionDate "2012.08.24"]
[SourceQuality "1"]

1. e4 c5 2. Nc3 d6 3. f4 Nc6 4. Nf3 g6 5. Bc4 Bg7 6. 0-0 e6 7. d3 Nge7 8. Qe1 0-0 9. f5 exf5 10. Qh4 d5 11. Nxd5 Nxd5 12. Bxd5 Qxh4 13. Nxh4 Nb4 14. Bb3 fxe4 15. a3 Nc6 16. dxe4 Nd4 17. Bd5 Nxc2 18. Ra2 Be6 19. Bxe6 fxe6 20. Nf3 Nd4 21. Be3 Nb3 22. a4 Rac8 23. a5 a6 24. Ra3 c4 25. Rf2 Rfd8 26. Rc2 Rd3 27. Kf2 Bf8 28. Ra4 c3 29. Ke2 cxb2 30. Rxb2 Rcc3 31. Bd4 Nxd4+ 32. Rxd4 Re3+ 33. Kf2 Rb3 34. Rxb3 Rxb3 35. Rd8 Kg7 36. Ng5 Bc5+ 37. Kf1 Kf6 38. Nxh7+ Ke5 39. Re8 Rb1+ 40. Ke2 Rb2+ 41. Kf3 Rf2+ 42. Kg3 Rf7 43. Ng5 Re7 44. Rg8 Kf6 45. h4 Bb4 46. Rf8+ Kg7 47. e5 Kxf8 0-1

[Event "Mittelrhein Verbandsliga-M 1112"]
[Site "Germany"]
[Date "2011.12.11"]
[Round "4.6"]
[White "Schwark, Mario"]
[Black "Henseler, Klaus"]
[Result "0-1"]
[WhiteElo "1767"]
[BlackElo "1909"]
[PlyCount "80"]
[EventDate "2011.09.18"]
[EventType "team-tourn"]
[EventRounds "11"]
[EventCountry "GER"]
[SourceTitle "EXT 2013"]
[Source "ChessBase"]
[SourceDate "2012.11.22"]
[SourceVersion "1"]
[SourceVersionDate "2012.11.22"]
[SourceQuality "1"]
[WhiteTeam "Kalker/Deutzer SG"]
[BlackTeam "Bayer Leverkusen"]
[WhiteTeamCountry "GER"]
[BlackTeamCountry "GER"]

1. d4 Nf6 2. Nf3 g6 3. c4 Bg7 4. Nc3 0-0 5. e4 d6 6. Be2 e5 7. 0-0 Nc6 8. d5 Ne7 9. Ne1 Ne8 10. Nd3 f5 11. b4 Nf6 12. f3 f4 13. a4 g5 14. Ba3 Ng6 15. c5 Rf7 16. cxd6 cxd6 17. Rc1 Bf8 18. Qc2 Rc7 19. Qb3 Rg7 20. Qc2 Bd7 21. g4 fxg3 22. hxg3 Rc8 23. Rf2 g4 24. Qd2 gxf3 25. Bxf3 Nh4 26. Kh2 Nxf3+ 27. Rxf3 Ng4+ 28. Kg2 Qe8 29. b5 Be7 30. Rcf1 Qh5 31. Rh1 Qg6 32. Nf2 Bg5 33. Qe2 Nxf2 34. Qxf2 Bg4 35. Rd3 Rf7 36. Qxa7 Rxc3 37. Rxc3 Qxe4+ 38. Kg1 Qe1+ 39. Kg2 Qe2+ 40. Kg1 Rf1# 0-1

[Event "Mittelrhein Verbandsliga-M 1112"]
[Site "Germany"]
[Date "2011.11.13"]
[Round "3.6"]
[White "Simon, Martin"]
[Black "Schwark, Mario"]
[Result "1-0"]
[WhiteElo "1918"]
[BlackElo "1767"]
[PlyCount "53"]
[EventDate "2011.09.18"]
[EventType "team-tourn"]
[EventRounds "11"]
[EventCountry "GER"]
[SourceTitle "EXT 2013"]
[Source "ChessBase"]
[SourceDate "2012.11.22"]
[SourceVersion "1"]
[SourceVersionDate "2012.11.22"]
[SourceQuality "1"]
[WhiteTeam "Koeln Lasker II"]
[BlackTeam "Kalker/Deutzer SG"]
[WhiteTeamCountry "GER"]
[BlackTeamCountry "GER"]

1. c4 Nf6 2. Nc3 g6 3. d4 d5 4. cxd5 Nxd5 5. e4 Nxc3 6. bxc3 Bg7 7. Bc4 0-0 8. Ne2 c5 9. Be3 Nc6 10. 0-0 Na5 11. Bd3 Bg4 12. f3 Bd7 13. Rb1 Qc7 14. Bf4 Qc8 15. Qd2 Nc6 16. Be3 Rd8 17. f4 Bg4 18. d5 Na5 19. c4 b6 20. Ng3 Bd7 21. e5 Qa6 22. Qe2 h5 23. Nxh5 gxh5 24. Qxh5 Nxc4 25. Rf3 b5 26. Rg3 f5 27. Qg5 1-0

[Event "Mittelrhein Verbandsliga-M 1112"]
[Site "Germany"]
[Date "2011.10.09"]
[Round "2.6"]
[White "Schwark, Mario"]
[Black "Klos, Stefan"]
[Result "0-1"]
[WhiteElo "1767"]
[BlackElo "1649"]
[PlyCount "86"]
[EventDate "2011.09.18"]
[EventType "team-tourn"]
[EventRounds "11"]
[EventCountry "GER"]
[SourceTitle "EXT 2013"]
[Source "ChessBase"]
[SourceDate "2012.11.22"]
[SourceVersion "1"]
[SourceVersionDate "2012.11.22"]
[SourceQuality "1"]
[WhiteTeam "Kalker/Deutzer SG"]
[BlackTeam "Rheinbacher SF II"]
[WhiteTeamCountry "GER"]
[BlackTeamCountry "GER"]

1. d4 b5 2. Nf3 Bb7 3. g3 e6 4. Bg2 Nf6 5. 0-0 c5 6. c4 bxc4 7. Na3 d5 8. Ne5 Qb6 9. Qa4+ Bc6 10. Nxc6 Qxc6 11. Nb5 Nbd7 12. Bf4 Rc8 13. Qa5 Qb6 14. Qa4 a6 15. Nc7+ Rxc7 16. Bxc7 Qxc7 17. dxc5 Bxc5 18. Qxa6 0-0 19. Qa4 Rb8 20. Qc2 Qe5 21. Rab1 g6 22. e3 Ng4 23. h3 Nxf2 24. Rxf2 Bxe3 25. Kh2 Bxf2 26. Qxf2 Qf5 27. Qe1 Nc5 28. Qg1 Nd3 29. Rf1 Qe5 30. Qa7 Rf8 31. b3 c3 32. Qa6 Qe2 33. Qc6 c2 34. Qc3 c1Q 35. Rxc1 Nxc1 36. Qxc1 Qxa2 37. b4 Qb3 38. Qf4 Qb2 39. h4 Rc8 40. h5 Rc4 41. Qb8+ Kg7 42. b5 Rc2 43. Kh3 Rxg2 0-1

[Event "Cologne-ch 05"]
[Site "Cologne"]
[Date "2005.01.16"]
[Round "6"]
[White "Schwark, Mario"]
[Black "Stollenwerk, Joerg"]
[Result "1-0"]
[WhiteElo "1809"]
[BlackElo "1542"]
[PlyCount "49"]
[EventDate "2004.12.04"]
[EventType "swiss"]
[EventRounds "7"]
[EventCountry "GER"]
[SourceTitle "EXT 2006"]
[Source "ChessBase"]
[SourceDate "2005.11.24"]
[SourceVersion "1"]
[SourceVersionDate "2005.11.24"]
[SourceQuality "1"]

1. d4 Nf6 2. c4 e5 3. Bg5 Be7 4. dxe5 Ng4 5. Bf4 Nc6 6. Nf3 Bc5 7. e3 Qe7 8. a3 a5 9. Nc3 Qd8 10. h3 Nh6 11. Qd5 Be7 12. c5 g5 13. Bh2 b6 14. cxb6 cxb6 15. Nb5 Ba6 16. Nd6+ Bxd6 17. exd6 Rg8 18. Bxa6 Rxa6 19. Qb5 Ra8 20. Ne5 Nxe5 21. Qxe5+ Kf8 22. Rc1 f6 23. Qe4 Kg7 24. Rc7 Re8 25. Qb7 1-0

[Event "Cologne-ch 05"]
[Site "Cologne"]
[Date "2004.12.04"]
[Round "1"]
[White "Melters, Hans"]
[Black "Schwark, Mario"]
[Result "0-1"]
[WhiteElo "1308"]
[BlackElo "1809"]
[PlyCount "64"]
[EventDate "2004.12.04"]
[EventType "swiss"]
[EventRounds "7"]
[EventCountry "GER"]
[SourceTitle "EXT 2006"]
[Source "ChessBase"]
[SourceDate "2005.11.24"]
[SourceVersion "1"]
[SourceVersionDate "2005.11.24"]
[SourceQuality "1"]

1. e4 Nf6 2. Nc3 d6 3. Bc4 g6 4. Nf3 Bg7 5. d4 0-0 6. Bg5 a6 7. Qd2 b5 8. Bd3 Bb7 9. Bh6 c5 10. Bxg7 Kxg7 11. e5 Ng4 12. h3 Nh6 13. 0-0-0 cxd4 14. Nxd4 dxe5 15. Nf3 b4 16. Ne4 Qa5 17. Kb1 Rd8 18. Qe1 Bd5 19. c4 Bb7 20. Nfg5 Nc6 21. c5 Nd4 22. Nf3 Bd5 23. a3 Nc6 24. axb4 Nxb4 25. Nc3 Ba2+ 26. Kc1 f6 27. Nxa2 Nxa2+ 28. Kb1 Nb4 29. Nxe5 Qa2+ 30. Kc1 Qa1+ 31. Kd2 Qxb2+ 32. Ke3 Qxe5+ 0-1

[Event "Cologne Longerich op 3rd"]
[Site "Cologne"]
[Date "2004.07.31"]
[Round "5"]
[White "Raupach, Gregor"]
[Black "Schwark, Mario"]
[Result "1-0"]
[WhiteElo "1941"]
[BlackElo "1808"]
[PlyCount "65"]
[EventDate "2004.06.26"]
[EventType "swiss"]
[EventRounds "7"]
[EventCountry "GER"]
[SourceTitle "EXT 2006"]
[Source "ChessBase"]
[SourceDate "2005.11.24"]
[SourceVersion "1"]
[SourceVersionDate "2005.11.24"]
[SourceQuality "1"]

1. d4 Nf6 2. c4 g6 3. Nc3 Bg7 4. e4 d6 5. f3 0-0 6. Be3 e5 7. d5 Nbd7 8. Qd2 Ne8 9. g4 a5 10. Bd3 Nc5 11. Bc2 Bd7 12. h4 f5 13. Bg5 Qc8 14. gxf5 gxf5 15. h5 Kh8 16. 0-0-0 fxe4 17. Nxe4 Nxe4 18. Bxe4 Bf5 19. Re1 Bxe4 20. Rxe4 c6 21. Kb1 Qf5 22. Ka1 Qxe4 23. fxe4 Rf1+ 24. Qc1 Rxc1+ 25. Bxc1 cxd5 26. exd5 Rc8 27. b3 b5 28. Rh4 e4+ 29. Bb2 Nf6 30. h6 bxc4 31. hxg7+ Kxg7 32. bxc4 Rxc4 33. Rf4 1-0